000 00709nam a2200193 a 4500
008 070215s2000 ||||||||||||||||| || u
020 _a0080438865
050 _aTP 1122
100 _aLundquist, Lars [and others]
245 1 0 _aLife cycle engineering of plastics
_cLars Lundquist [and others]
246 _atechnology, economy and the environment
260 _aAmsterdam
_bElsevier
_c2000
300 _axiii, 206p.: ill.
350 _a0.00
650 _aENGINEERING
650 _aPLASTICS
650 _aPlastics--Environmental aspects
995 _D0.00
_FCBU-MAIN LIBRARY (Kitwe)
_H1
_I0.00
_M1
_UAVAILABLE
_WFeb 15, 2007
_ZMain Library Open Access Collection
999 _c49235
_d49235